000 01253nam a2200325Ia 4500
001 ebr10645953
003 CaPaEBR
006 m u
007 cr cn|||||||||
008 121127s2013 ne s 001 0 eng d
010 _z 2012041304
020 _z9789004244665 (hardback : alk. paper)
020 _z9789004244672 (ebook)
040 _aCaPaEBR
_cCaPaEBR
035 _a(OCoLC)828895457
050 1 4 _aBX9418
_b.R38 2013eb
082 0 4 _a230/.42092
_223
245 0 0 _aRestoration through redemption
_h[electronic resource] :
_bJohn Calvin revisited /
_cedited by Henk van den Belt.
260 _aLeiden ;
_aBoston :
_bBrill,
_c2013.
300 _avi, 288 p.
490 0 _aStudies in Reformed theology,
_x1571-4799 ;
_vvolume 23
500 _aIncludes index.
533 _aElectronic reproduction.
_bPalo Alto, Calif. :
_cebrary,
_d2013.
_nAvailable via World Wide Web.
_nAccess may be limited to ebrary affiliated libraries.
600 1 0 _aCalvin, Jean,
_d1509-1564.
650 0 _aTheology.
655 7 _aElectronic books.
_2local
700 1 _aBelt, H. van den,
_d1971-
710 2 _aebrary, Inc.
856 4 0 _uhttp://site.ebrary.com/lib/rucke/Doc?id=10645953
_zAn electronic book accessible through the World Wide Web; click to view
999 _c154448
_d154448